Political economy of agrarian change: An essay on the green revolution (Record no. 34978)

MARC details
000 -LEADER
fixed length control field 00367nam a2200133Ia 4500
082 ## - DEWEY DECIMAL CLASSIFICATION NUMBER
Classification number 338.43.02
Item number GRI
100 ## - MAIN ENTRY--AUTHOR NAME
Personal name GRIFFIN, Keith
245 #0 - TITLE STATEMENT
Title Political economy of agrarian change: An essay on the green revolution
250 ## - EDITION STATEMENT
Edition statement 2
260 ## - PUBLICATION, DISTRIBUTION, ETC. (IMPRINT)
Place of publication London
Name of publisher Macmillan
Year of publication 1979
650 ## - SUBJECT ADDED ENTRY--TOPICAL TERM
Topical Term Green revolution
942 ## - ADDED ENTRY ELEMENTS (KOHA)
Koha item type Books
Holdings
Withdrawn status Lost status Damaged status Not for loan Home library Current library Date acquired Full call number Accession Number Koha item type
        RRII Library RRII Library 16/12/2021 338.43.02 GRI 15405 Books